000 01498nam0a22003251 4500
001 rc\4221181
005 20130416105840.3
021 _aRU
_b[61-21920]
035 _a(NLR Aleph) 008458850
090 _a7856254
_c7856254
100 _a20130416d1961 |||y0rusy50 ca
101 0 _arus
102 _aRU
105 _ay z |||||
200 1 _aАграрно-крестьянский вопрос в суверенных слаборазвитых странах Азии
_e(Индия, Бирма, Индонезия)
_f[Отв. ред.: В.Я. Аварин, А.А. Поляк]
_gАкад. наук СССР. Ин-т мировой экономики и междунар. отношений
210 _aМосква
_cИзд-во Акад. наук СССР
_d1961
215 _a355 с.
_d20
300 _aАвт. глав: И.О. Фиризов, А.И. Медовой, М.А. Максимов и др.
606 _aАграрный вопрос в странах Азии
_z20 в.
_2psbo
701 1 _aМаксимов
_bМ. А.
701 1 _aФиризов
_bИ. О.
701 1 _aМедовой
_bА. И.
702 1 _aПоляк
_bА. А.
_4340
702 1 _aАварин
_bВ. Я.
_gВладимир Яковлевич
_4340
712 0 2 _aИнститут мировой экономики и международных отношений
_cМосква
_3RU\NLR\AUTH\883073
801 0 _aRU
_bNLR
_gpsbo
801 1 _aRU
_bELAR
_2rusmarc
852 _aNLR
_j61-3/1836
942 _cBOOK
980 _aNB